00322 2200133 4500001002100000005001500021008004100036020002200077035001900099082000900118100001200127245002300139260002600162INLIS00000000000722420241224113433241224||||||||| | ||| |||| ||  a978-979-054-362-1 0010-12240072240 aNONE0 aSopandi00aAsiknya Mendongeng aJakartabQuadrac2010